00283nam a2200121Ia 4500008004100000100000900041245003200050260003700082300000800119650001000127942000700137999001700144190216s9999||||xx |||||||||||||| ||und|| aNull 0aHindi-Hindi Niband Shashthr bNew Age International Publishers a154 aHindi cBK c15908d15908